Sports Quiz

Random Sports or WWE Quiz

WWF Roster 1980 Quiz Stats

 Plays Quiz not verified by Sporcle

Score 0/65 Timer 10:00
0 Plays Today
Hint Answer % Correct
Hulk Hogan
88.9%
Andre the Giant
84.4%
Bob Backlund
79.7%
Woman WrestlerThe Fabulous Moolah
74.3%
Bruno Sammartino
73.7%
Pedro Morales
67.9%
Tito Santana
67%
The Great Hossein Arab
66.3%
Pat Patterson
65.4%
ManagerCapt. Lou Albano
63.2%
ManagerFreddie Blassie
62.5%
Afa
61%
Rick Martel
61%
Ken Patera
60.6%
ManagerThe Grand Wizard
60.6%
Sika
60.3%
Sgt. Slaughter
58.7%
Tony Atlas
56.5%
Ivan Putski
55.6%
Tony Garea
54.9%
Larry Zbyszko
48.6%
Gorilla Monsoon
47.3%
Spot
46%
Johnny Valiant
43.5%
Rex
43.2%
SD Jones
43.2%
ManagerArnold Skaaland
42.2%
Johnny Rodz
38.4%
Rene Goulet
37.5%
Ernie Ladd
36.5%
Steve King
34.9%
Larry Sharpe
34%
Baron Mikel Scicluna
32.1%
Hint Answer % Correct
Stan Hansen
30.8%
Killer Khan
27.9%
Woman WrestlerPeggy Lee
27%
Dominic DeNucci
26.3%
Frank Williams
26.3%
Frank Savage
24.4%
Charlie Brown
23.2%
Jim Duggan
22.9%
'Duke of Dorchester' Pete Doherty
20.3%
Swede Hanson
19.4%
Eddie Boulder
17.5%
Rick McGraw
16.8%
Bobby Duncum
16.5%
Jose Estrada
16.5%
Bulldog Brower
11.1%
Angelo Gomez
9.8%
Tor Kamata
9.8%
Ron Shaw
9.8%
The Hangman
9.5%
Manuel Soto
7.9%
Mike Masters
6.7%
Davey O'Hannon
6%
JoJo Andrews
6%
El Olympico
5.7%
Sylvano Sousa
5.4%
Frank 'Moose' Monroe
5.4%
The Red Demon
5.1%
Fred Marzino
4.1%
Don Serrano
3.8%
Dave Darrow
3.8%
Angel Marvilla
3.2%
Tony Altamare
1.3%

You're not logged in!

Compare scores with friends on all Sporcle quizzes.
OR
Log In

Sporcle TV

Today on Sporcle TV


Watch our educational content, quiz creation guides, and fun videos on Sporcle TV.

Show Comments

Extras

Top Quizzes Today


Score Distribution

Your Account Isn't Verified!

In order to create a playlist on Sporcle, you need to verify the email address you used during registration. Go to your Sporcle Settings to finish the process.

Report this User

Report this user for behavior that violates our Community Guidelines.

Details: